Zwierzęta na literę W - Statystyki

Ogólne statystyki
  • Ten quiz został rozwiązany 909 razy
  • Średni wynik to 9 z 16
Statystyki odpowiedzi
Zwierzę % Poprawnych
wąż
88%
wilk
81%
wiewiórka
76%
ważka
71%
wrona
71%
wieloryb
68%
waleń
61%
wróbel
59%
wielbład
58%
waran
57%
wół
57%
wydra
54%
węgorz
48%
wombat
36%
wesz
25%
wyjec
20%
Nie znaleziono quizów pasujących do podanych kryteriów
Rozkład punktacji
Procent ludzi z każdym wynikiem
Percentyl według liczby udzielonych odpowiedzi
Twoja historia wyników
Nie rozwiązałeś tego quizu